1227 1055 1514 1286 1562 1225 1011 1323 1659 1052 1668 1796 1829 1190 1738 1052 1241 1770 1587 1057 1452 1229 1162 1814 1366 1856 1011 1344 1532 1185 1831 1234 1345 1828 1061 1081 1167 1978 1863 1150 1658 1262 1657 1509 1140 1458 1932 1043 1698 1208 1756 1272 1599 1252 1041 1690 1407 1368 1558 1252 1571 1669 1404 1778 1583 1861 1275 1260 1383 1336 1915 1123 1978 1385 1368 1233 1348 1441 1614 1853 1205 1534 1846 1356 1308 1653 1719 1543 1267 1232 1565 1574 1367 1664 1234 1177 1230 1921 1507 BCNSPRNW ULIB Ver.6.0+V

เปลี่ยนเป็นภาษาไทย

Change to English
 แสดงรายละเอียดบรรณานุกรม
  กลับหน้าหลัก

Brief Record : Get Marc (ISO 2709) : E-mail record : QR code < ปิดหน้าต่าง
LEADER : 00000nam 2200000uu 4500
001    13399123169
003     ULIB
008    130709s2551||||th 000 0 tha d
020    ^a9789740466680
090    ^aนว.^bร111ร
100 0  ^aโรสลิต้า
245 00 ^aเรื่องเล่าสาววอลมาร์ท/^cโรสลิต้า
250    ^aพิมพ์ครั้งที่ 1
260    ^aกรุงเทพฯ :^bนกฮูก,^c2551
300    ^a351หน้า
710 1  ^aนกฮูก
945    ^p235^l0^i20317
995    ^aทศพร
999    ^aทศพร เกษรทอง
รายการนี้ยังไม่มีแท็ก
คุณยังไม่ได้ล็อกอิน คุณสามารถมีกิจกรรมร่วมกับเว็บไซต์ได้ แต่ต้องล็อกอินก่อน ::
  ล็อกอิน

รายการสื่อสารสนเทศ

ลำดับที่ ประเภท เลขเรียก/บาร์โค้ด สถานที่ สถานะ
1. นวนิยาย
นวนิยาย
นว. ร111ร ฉ.1 
  Barcode: 20317
ห้องสมุดวิทยาเขตนครสวรรค์
►นวนิยาย:l:Fiction
บนชั้น

BibComment


ยังไม่เคยถูกคอมเมนท์

คอมเมนท์ทรัพยากรรายการนี้
  คอมเมนท์: เรื่องเล่าสาววอล..


 Copyright 2026. Bcnsprnw @Library